[Event "ARG-chT"]
[Site "Villa Martelli"]
[Date "2018.09.01"]
[Round "9.1"]
[White "Molina, Pablo Sebastian"]
[Black "Hase, Juan Carlos"]
[Result "1-0"]
[WhiteElo "2280"]
[BlackElo "2280"]
[PlyCount "125"]
[EventDate "2018.07.07"]
[EventType "team-swiss"]
[EventRounds "9"]
[EventCountry "ARG"]
[SourceTitle "CBM 187 Extra"]
[Source "ChessBase"]
[SourceDate "2018.11.04"]
[SourceVersion "1"]
[SourceVersionDate "2018.11.04"]
[SourceQuality "1"]
[WhiteTeam "Mar del Plata"]
[BlackTeam "Ajedrez Plus"]
[WhiteTeamCountry "ARG"]
[BlackTeamCountry "ARG"]

1. e4 e5 2. Nf3 Nc6 3. d4 exd4 4. Nxd4 g6 5. Nc3 Bg7 6. Be3 Nf6 7. Nxc6 bxc6 8. e5 Ng8 9. Bf4 Ne7 10. Bc4 h6 11. Qf3 0-0 12. 0-0-0 g5 13. Bg3 Rb8 14. h4 Ng6 15. Qe4 Nxh4 16. Bxh4 gxh4 17. Bd3 f5 18. exf6 Qxf6 19. Qh7+ Kf7 20. Rh3 Rh8 21. Qf5 Qxf5 22. Bxf5 d6 23. Bxc8 Rhxc8 24. Rxh4 Re8 25. Rd3 Re6 26. Ra4 Rb7 27. b3 Rg6 28. g3 h5 29. Kd1 Rg4 30. Ne4 d5 31. Nc5 Rxa4 32. Nxa4 Rb8 33. Nc3 Rh8 34. Rf3+ Ke7 35. Ne2 h4 36. gxh4 Rxh4 37. Ng3 Rh7 38. Nf5+ Kd7 39. Nxg7 Rxg7 40. Rf8 Rg1+ 41. Kd2 Rf1 42. Ke2 Rc1 43. Kd3 Rf1 44. Kd4 Rd1+ 45. Kc5 Rd2 46. c4 Rxa2 47. Rf7+ Kc8 48. Kxc6 Ra6+ 49. Kxd5 Rd6+ 50. Kc5 Kb7 51. f4 a5 52. Kb5 Rd3 53. Ka4 Kb6 54. Rf5 c6 55. Rxa5 Rf3 56. Rf5 Rf1 57. c5+ Kb7 58. Rf7+ Ka6 59. Rf6 Kb7 60. f5 Rf3 61. Rf8 Ka6 62. b4 Rf1 63. Rb8 1-0

[Event "ARG-chT"]
[Site "Villa Martelli"]
[Date "2018.07.28"]
[Round "4.1"]
[White "Hase, Juan Carlos"]
[Black "Axarlian, Carlos"]
[Result "1/2-1/2"]
[WhiteElo "2280"]
[BlackElo "2070"]
[PlyCount "80"]
[EventDate "2018.07.07"]
[EventType "team-swiss"]
[EventRounds "9"]
[EventCountry "ARG"]
[SourceTitle "CBM 187 Extra"]
[Source "ChessBase"]
[SourceDate "2018.11.04"]
[SourceVersion "1"]
[SourceVersionDate "2018.11.04"]
[SourceQuality "1"]
[WhiteTeam "Ajedrez Plus"]
[BlackTeam "Ventajedrez Plastigal"]
[WhiteTeamCountry "ARG"]
[BlackTeamCountry "ARG"]

1. e4 c5 2. Nf3 d6 3. Bb5+ Bd7 4. Bxd7+ Qxd7 5. 0-0 Nc6 6. c3 Nf6 7. d3 e6 8. Nbd2 Be7 9. Re1 0-0 10. Nf1 b5 11. Ng3 Ne5 12. Bf4 Ng6 13. Bg5 d5 14. e5 Ng4 15. d4 f6 16. exf6 gxf6 17. Bd2 f5 18. Qe2 f4 19. Nf1 e5 20. dxe5 Qe6 21. h3 Nh6 22. N1h2 Kh8 23. a4 Rg8 24. Kh1 bxa4 25. Rxa4 a5 26. Bxf4 Nf5 27. Bg5 c4 28. Qd2 Ngh4 29. Bxh4 Bxh4 30. Nd4 Qg6 31. Rg1 Bxf2 32. Nxf5 Bxg1 33. Kxg1 Qxf5 34. Ng4 Rg6 35. Qxd5 Rag8 36. Rxc4 h5 37. Ne3 Qxh3 38. Qe4 Qg3 39. e6 Rxe6 40. Qxe6 Qe1+ 1/2-1/2

[Event "ARG-chT"]
[Site "Villa Martelli"]
[Date "2008.09.20"]
[Round "7"]
[White "Hase, Juan Carlos"]
[Black "Amed, Stephanie"]
[Result "1/2-1/2"]
[WhiteElo "2279"]
[BlackElo "2099"]
[PlyCount "74"]
[EventDate "2008.08.09"]
[EventType "team-tourn"]
[EventRounds "9"]
[EventCountry "ARG"]
[SourceTitle "EXT 2009"]
[Source "ChessBase"]
[SourceDate "2008.11.26"]
[SourceVersion "1"]
[SourceVersionDate "2008.11.26"]
[SourceQuality "1"]

1. e4 e6 2. d4 d5 3. Nc3 Bb4 4. e5 c5 5. a3 Bxc3+ 6. bxc3 Qc7 7. Nf3 Ne7 8. Bd3 b6 9. 0-0 Ba6 10. Bxa6 Nxa6 11. Qd3 Nb8 12. a4 Nd7 13. Ba3 Rc8 14. Qe3 0-0 15. Qg5 f6 16. exf6 Rxf6 17. Rfe1 Ng6 18. Qg4 Re8 19. Bc1 Qd6 20. Bg5 Rff8 21. h4 Nf6 22. Bxf6 Rxf6 23. h5 Qf4 24. Qg3 Nf8 25. Qxf4 Rxf4 26. a5 cxd4 27. axb6 axb6 28. cxd4 Rc8 29. Ra6 Rxc2 30. Rxb6 Rf5 31. Rb8 Rxh5 32. g4 Rh6 33. g5 Rg6 34. Ra1 Rc3 35. Kg2 Rc7 36. Raa8 Rf7 37. Kg3 h6 1/2-1/2

[Event "Necochea-B"]
[Site "Necochea"]
[Date "2007.02.24"]
[Round "7"]
[White "Hase, Juan Carlos"]
[Black "Cubas, Jose Fernando"]
[Result "1/2-1/2"]
[WhiteElo "2311"]
[BlackElo "2414"]
[PlyCount "111"]
[EventDate "2007.02.20"]
[EventType "tourn"]
[EventRounds "9"]
[EventCountry "ARG"]
[EventCategory "2"]
[SourceTitle "CBM 116 Extra"]
[Source "ChessBase"]
[SourceDate "2007.03.07"]
[SourceVersion "1"]
[SourceVersionDate "2007.03.07"]
[SourceQuality "1"]

1. e4 e6 2. d4 d5 3. Nc3 Nf6 4. e5 Nfd7 5. f4 c5 6. Nf3 Nc6 7. Be3 cxd4 8. Nxd4 Bc5 9. Qd2 0-0 10. 0-0-0 a6 11. h4 Qe7 12. Nb3 Rb8 13. Nxc5 Nxc5 14. Ne2 Ne4 15. Qe1 f5 16. exf6 Qxf6 17. g3 b5 18. Nd4 e5 19. Nxc6 Qxc6 20. fxe5 Bg4 21. Rd4 Rbc8 22. Rh2 Nxg3 23. Bd3 Ne4 24. Bxe4 dxe4 25. b3 Qe6 26. Qg3 Rf3 27. Qg1 Qf5 28. Rf2 h5 29. Qh2 Kh7 30. Rxf3 exf3 31. Rd2 Rf8 32. Bf2 Qe4 33. Bg3 Rc8 34. Qf2 Qb4 35. Qd4 Qxd4 36. Rxd4 Bf5 37. Rd2 Be4 38. Kb2 b4 39. e6 Kg6 40. Bd6 Rxc2+ 41. Rxc2 Bxc2 42. e7 Kf7 43. Bc5 Be4 44. Kc1 g5 45. hxg5 h4 46. Kd2 h3 47. Bd6 Bc6 48. Ke3 a5 49. Kf2 Ke6 50. g6 Kxd6 51. g7 h2 52. g8Q h1Q 53. Qd8+ Ke5 54. e8Q+ Bxe8 55. Qxe8+ Kd5 56. Qb5+ 1/2-1/2

[Event "LNA Puma Cup"]
[Site "Argentina"]
[Date "2006.10.15"]
[Round "7"]
[White "Granara Barreto, Sebastian A"]
[Black "Hase, Juan Carlos"]
[Result "1/2-1/2"]
[WhiteElo "2273"]
[BlackElo "2301"]
[PlyCount "81"]
[EventDate "2006.09.03"]
[EventType "swiss"]
[EventRounds "8"]
[EventCountry "ARG"]
[SourceTitle "EXT 2008"]
[Source "ChessBase"]
[SourceDate "2007.11.25"]
[SourceVersion "1"]
[SourceVersionDate "2007.11.25"]
[SourceQuality "1"]

1. e4 e5 2. Nf3 Nc6 3. d4 exd4 4. Nxd4 Nge7 5. Bg5 Nxd4 6. Qxd4 Nc6 7. Qd2 Be7 8. Bxe7 Qxe7 9. Nc3 0-0 10. 0-0-0 d6 11. Nd5 Qd8 12. h4 Be6 13. h5 h6 14. f4 Re8 15. Nc3 a6 16. Be2 Na7 17. g4 Nb5 18. Rdg1 Nxc3 19. Qxc3 Qf6 20. Qd2 Bxa2 21. g5 hxg5 22. Rxg5 Rxe4 23. Rhg1 Rae8 24. Bd3 Rxf4 25. Rxg7+ Kf8 26. Qa5 Rf1+ 27. Rxf1 Qh6+ 28. Rg5 Re5 29. Qxa2 Qxg5+ 30. Kb1 Qxh5 31. Qb3 b6 32. Qc4 Rc5 33. Qxa6 Qh3 34. Bg6 Kg7 35. Bxf7 b5 36. Bc4 Rxc4 37. Rg1+ Rg4 38. Re1 Re4 39. Rg1+ Rg4 40. Re1 Re4 41. Rg1+ 1/2-1/2

[Event "LNA Puma Cup"]
[Site "Argentina"]
[Date "2006.10.07"]
[Round "6"]
[White "Hase, Juan Carlos"]
[Black "Rodriguez Vila, Andres"]
[Result "1-0"]
[WhiteElo "2301"]
[BlackElo "2511"]
[PlyCount "123"]
[EventDate "2006.09.03"]
[EventType "swiss"]
[EventRounds "8"]
[EventCountry "ARG"]
[SourceTitle "EXT 2008"]
[Source "ChessBase"]
[SourceDate "2007.11.25"]
[SourceVersion "1"]
[SourceVersionDate "2007.11.25"]
[SourceQuality "1"]

1. e4 e6 2. d4 d5 3. Nc3 Bb4 4. e5 c5 5. a3 Bxc3+ 6. bxc3 Nc6 7. Nf3 Qa5 8. Qd2 f6 9. Bd3 cxd4 10. cxd4 Qxd2+ 11. Bxd2 fxe5 12. dxe5 Nge7 13. 0-0 0-0 14. Rfe1 h6 15. Bc3 Bd7 16. Nd4 Rf4 17. Nb3 Raf8 18. f3 b6 19. Bd2 R4f7 20. a4 a5 21. c3 Rc8 22. f4 Be8 23. Reb1 Rb8 24. g3 g5 25. Nc1 Rg7 26. Rb2 h5 27. Rab1 Nc8 28. Ba6 N6e7 29. fxg5 Bxa4 30. Ra1 Be8 31. Rxa5 Nc6 32. Raa2 N8e7 33. Nd3 Bg6 34. Nf4 Kf7 35. Be2 Rh7 36. Be3 h4 37. g4 Nxe5 38. Rxb6 Rxb6 39. Bxb6 Nd7 40. Be3 e5 41. Nxg6 Nxg6 42. Ra7 Ngf8 43. Bb5 Kg8 44. Bc6 h3 45. Bxd5+ Kh8 46. Be4 Rg7 47. Ra8 Re7 48. c4 Kg7 49. c5 Ne6 50. c6 Ndf8 51. Ra5 Nd4 52. Kf2 Ng6 53. Rd5 Rf7+ 54. Ke1 Ne7 55. Bxd4 exd4 56. Rxd4 Rf4 57. c7 Rxg4 58. Kd2 Rxg5 59. Rd7 Rc5 60. Rxe7+ Kf6 61. Rh7 Ke6 62. Bb7 1-0

[Event "Villa Ballester op 56th"]
[Site "Villa Ballester"]
[Date "2006.01.07"]
[Round "3"]
[White "Campagnoni, Diego"]
[Black "Hase, Juan Carlos"]
[Result "1/2-1/2"]
[WhiteElo "2060"]
[BlackElo "2323"]
[PlyCount "75"]
[EventDate "2006.01.03"]
[EventType "swiss"]
[EventRounds "9"]
[EventCountry "ARG"]
[SourceTitle "CBM 110 Extra"]
[Source "ChessBase"]
[SourceDate "2006.03.10"]
[SourceVersion "2"]
[SourceVersionDate "2006.03.10"]
[SourceQuality "1"]

1. d4 Nf6 2. c4 e6 3. Nc3 Bb4 4. e3 c5 5. a3 Bxc3+ 6. bxc3 Nc6 7. Bd3 b6 8. Ne2 0-0 9. e4 Ne8 10. 0-0 Ba6 11. Be3 d6 12. Ng3 cxd4 13. cxd4 e5 14. f4 exd4 15. Bf2 Rc8 16. Rc1 Na5 17. Bxd4 Bxc4 18. Nf5 Be6 19. Rxc8 Bxc8 20. Qh5 Bxf5 21. Qxf5 Nb3 22. Bb2 Nc5 23. Bb1 Qd7 24. Qh5 Qb5 25. Ba1 Qc4 26. e5 g6 27. Qd1 dxe5 28. Bxe5 Ng7 29. f5 Re8 30. fxg6 hxg6 31. Qd6 Qe6 32. Qxe6 Rxe6 33. Bb8 Re7 34. Ba2 Nge6 35. Rd1 Rb7 36. Be5 Rd7 37. Rd5 Rxd5 38. Bxd5 1/2-1/2

[Event "Olavarria Magistral op 5th"]
[Site "Olavarria"]
[Date "2005.02.26"]
[Round "5"]
[White "Mahia, Gustavo"]
[Black "Hase, Juan Carlos"]
[Result "1-0"]
[WhiteElo "2364"]
[BlackElo "2343"]
[PlyCount "75"]
[EventDate "2005.02.24"]
[EventType "swiss"]
[EventRounds "7"]
[EventCountry "ARG"]
[SourceTitle "CBM 105 Extra"]
[Source "ChessBase"]
[SourceDate "2005.05.01"]
[SourceVersion "1"]
[SourceVersionDate "2005.05.01"]
[SourceQuality "1"]

1. d4 d5 2. c4 e6 3. Nc3 c5 4. cxd5 exd5 5. Nf3 Nc6 6. g3 Nf6 7. Bg2 Be7 8. 0-0 0-0 9. Bg5 cxd4 10. Nxd4 h6 11. Be3 Re8 12. Rc1 Bg4 13. h3 Be6 14. Nxe6 fxe6 15. Qb3 Qd7 16. Rcd1 Rac8 17. Kh2 Bd6 18. f4 Na5 19. Qc2 b5 20. Qd3 Nc4 21. Bc1 b4 22. Nb1 e5 23. Bxd5+ Nxd5 24. Qxd5+ Kh8 25. f5 Qe7 26. b3 Rc5 27. Qe6 Qxe6 28. fxe6 Rxe6 29. bxc4 Rxc4 30. Be3 Bc5 31. Rd8+ Kh7 32. Rc8 Rc2 33. Bxc5 Rxa2 34. Bxb4 Rxe2+ 35. Kg1 Rb6 36. Bc3 Rd6 37. Rc7 Rd3 38. Be1 1-0

[Event "Olavarria Magistral op 5th"]
[Site "Olavarria"]
[Date "2005.02.25"]
[Round "4"]
[White "Hase, Juan Carlos"]
[Black "Bronstein, Luis Marcos"]
[Result "1/2-1/2"]
[WhiteElo "2343"]
[BlackElo "2357"]
[PlyCount "36"]
[EventDate "2005.02.24"]
[EventType "swiss"]
[EventRounds "7"]
[EventCountry "ARG"]
[SourceTitle "CBM 105 Extra"]
[Source "ChessBase"]
[SourceDate "2005.05.01"]
[SourceVersion "1"]
[SourceVersionDate "2005.05.01"]
[SourceQuality "1"]

1. e4 e5 2. Nf3 Nc6 3. Bb5 a6 4. Ba4 Nf6 5. 0-0 Be7 6. Re1 b5 7. Bb3 d6 8. c3 0-0 9. h3 Nb8 10. d4 Nbd7 11. Nbd2 Bb7 12. Bc2 Re8 13. Nf1 Bf8 14. Ng3 g6 15. a4 c5 16. d5 c4 17. Bg5 h6 18. Be3 Nc5 1/2-1/2

[Event "Buenos Aires-chT Intercoop 30th"]
[Site "Buenos Aires"]
[Date "2004.08.21"]
[Round "1"]
[White "Fuentes Vasallo, Eduardo Alberto"]
[Black "Hase, Juan Carlos"]
[Result "0-1"]
[WhiteElo "2141"]
[BlackElo "2353"]
[PlyCount "88"]
[EventDate "2004.08.21"]
[EventType "team"]
[EventRounds "7"]
[EventCountry "ARG"]
[SourceTitle "CBM 102 Extra"]
[Source "ChessBase"]
[SourceDate "2004.11.03"]
[SourceVersion "1"]
[SourceVersionDate "2004.11.03"]
[SourceQuality "1"]

1. e4 e5 2. Nf3 Nc6 3. Bb5 a6 4. Ba4 Nf6 5. 0-0 Be7 6. Re1 b5 7. Bb3 0-0 8. Nc3 d6 9. h3 Na5 10. d3 Bb7 11. Bg5 Qd7 12. Qd2 Nxb3 13. axb3 c5 14. Nh4 h6 15. Bxh6 gxh6 16. Qxh6 Nh7 17. Nf5 Bf6 18. g4 Kh8 19. Re3 Rg8 20. Rg3 Rg6 21. Qe3 Bg5 22. Qe2 b4 23. Nd1 d5 24. f3 Bf4 25. Rg2 Ng5 26. Nf2 Ne6 27. h4 Nd4 28. Nxd4 cxd4 29. Nh3 Be3+ 30. Kh1 Rc8 31. Qe1 Qe7 32. g5 Rgc6 33. Qd1 Qd7 34. Kh2 Qc7 35. Ra4 Rxc2 36. Rxc2 Qxc2+ 37. Qxc2 Rxc2+ 38. Kg3 Bd2 39. Ra5 Be1+ 40. Kg4 Bc8+ 41. Kh5 Bxh3 42. Rxd5 Be6 43. Rxe5 Rh2 44. g6 f6 0-1

[Event "Escobar op g75' 2nd"]
[Site "Escobar"]
[Date "2004.02.??"]
[Round "4.4"]
[White "Gil, Juan Manuel"]
[Black "Hase, Juan Carlos"]
[Result "0-1"]
[WhiteElo "2216"]
[BlackElo "2356"]
[PlyCount "72"]
[EventDate "2004.02.06"]
[EventType "swiss (rapid)"]
[EventRounds "7"]
[EventCountry "ARG"]
[SourceTitle "CBM 098 Extra"]
[Source "ChessBase"]
[SourceDate "2004.03.10"]
[SourceVersion "2"]
[SourceVersionDate "2004.03.10"]
[SourceQuality "1"]

1. e4 c5 2. Nc3 Nc6 3. f4 g6 4. Nf3 Bg7 5. Bc4 e6 6. f5 Nge7 7. fxe6 dxe6 8. 0-0 0-0 9. d3 Na5 10. Qe1 Nec6 11. Bf4 Nd4 12. Rf2 b6 13. Kh1 Nxc4 14. dxc4 Ba6 15. b3 Bb7 16. Rd1 Qe7 17. Bg5 Nxf3 18. Bxe7 Nxe1 19. Bxf8 Bxc3 20. Bh6 Bxe4 21. Re2 Bxg2+ 22. Rxg2 Nxg2 23. Kxg2 Bd4 24. c3 Bxc3 25. Rd7 Bg7 26. Bf4 h6 27. Bd6 Bf6 28. a4 Rd8 29. Rxd8+ Bxd8 30. a5 a6 31. Bf4 bxa5 32. Bxh6 g5 33. h4 gxh4 34. Be3 Be7 35. Bd2 a4 36. bxa4 Kh7 0-1

[Event "Escobar op g75' 2nd"]
[Site "Escobar"]
[Date "2004.02.??"]
[Round "7.6"]
[White "Hase, Juan Carlos"]
[Black "Koch, Juan Enrique"]
[Result "1-0"]
[WhiteElo "2356"]
[BlackElo "2040"]
[PlyCount "89"]
[EventDate "2004.02.06"]
[EventType "swiss (rapid)"]
[EventRounds "7"]
[EventCountry "ARG"]
[SourceTitle "CBM 098 Extra"]
[Source "ChessBase"]
[SourceDate "2004.03.10"]
[SourceVersion "2"]
[SourceVersionDate "2004.03.10"]
[SourceQuality "1"]

1. e4 c5 2. Nf3 Nc6 3. Nc3 Nf6 4. e5 Ng4 5. Qe2 d5 6. exd6 e6 7. Nb5 Bxd6 8. Nxd6+ Qxd6 9. d3 b6 10. h3 Nf6 11. Bg5 Bb7 12. 0-0-0 Nd4 13. Qe5 Qxe5 14. Nxe5 Nc6 15. Nxc6 Bxc6 16. d4 0-0-0 17. Ba6+ Bb7 18. Bxb7+ Kxb7 19. Bxf6 gxf6 20. dxc5 bxc5 21. Rxd8 Rxd8 22. Rd1 Rd4 23. Rxd4 cxd4 24. c3 dxc3 25. b3 Kc6 26. Kc2 e5 27. Kxc3 f5 28. g3 Kd5 29. Kd3 h5 30. a3 f6 31. Ke3 Kc5 32. Kd3 Kd5 33. b4 f4 34. gxf4 e4+ 35. Kc3 h4 36. a4 f5 37. a5 e3 38. fxe3 Ke4 39. b5 Kxe3 40. b6 axb6 41. axb6 Kxf4 42. b7 Kg3 43. b8Q+ Kxh3 44. Kd3 Kg2 45. Ke2 1-0

[Event "Escobar op g75' 2nd"]
[Site "Escobar"]
[Date "2004.02.??"]
[Round "5.1"]
[White "Hase, Juan Carlos"]
[Black "Malbran, Guillermo"]
[Result "1/2-1/2"]
[WhiteElo "2356"]
[BlackElo "2321"]
[PlyCount "82"]
[EventDate "2004.02.06"]
[EventType "swiss (rapid)"]
[EventRounds "7"]
[EventCountry "ARG"]
[SourceTitle "CBM 098 Extra"]
[Source "ChessBase"]
[SourceDate "2004.03.10"]
[SourceVersion "2"]
[SourceVersionDate "2004.03.10"]
[SourceQuality "1"]

1. e4 Nf6 2. e5 Nd5 3. d4 d6 4. Nf3 Bg4 5. Be2 c6 6. Ng5 Bf5 7. Bd3 Bxd3 8. Qxd3 e6 9. 0-0 dxe5 10. dxe5 Nd7 11. Qe2 h6 12. Nf3 Qc7 13. c4 Ne7 14. Bd2 Ng6 15. Bc3 a5 16. g3 Bb4 17. Re1 0-0 18. a3 Be7 19. Nbd2 Rfd8 20. h4 Nc5 21. h5 Nf8 22. Ne4 Nfd7 23. Rad1 Nxe4 24. Qxe4 Nc5 25. Qe3 Na4 26. Bd4 c5 27. Bc3 Qb6 28. Rb1 Nxc3 29. bxc3 Qc6 30. Qe4 Qxe4 31. Rxe4 Rab8 32. Re3 Bg5 33. Nxg5 hxg5 34. Kf1 Rd2 35. Re2 Rd3 36. Re3 Rxe3 37. fxe3 g4 38. Ke2 Kh7 39. Rf1 Rf8 40. Rf4 Kh6 41. Rxg4 Rd8 1/2-1/2

[Event "Villa Ballester op 54th"]
[Site "Villa Ballester"]
[Date "2004.01.17"]
[Round "8"]
[White "Hase, Juan Carlos"]
[Black "Flores, Diego"]
[Result "0-1"]
[WhiteElo "2356"]
[BlackElo "2440"]
[PlyCount "102"]
[EventDate "2004.01.07"]
[EventType "swiss"]
[EventRounds "9"]
[EventCountry "ARG"]
[SourceTitle "CBM 098 Extra"]
[Source "ChessBase"]
[SourceDate "2004.03.10"]
[SourceVersion "2"]
[SourceVersionDate "2004.03.10"]
[SourceQuality "1"]

1. e4 d5 2. exd5 Qxd5 3. Nc3 Qa5 4. d4 Nf6 5. Nf3 c6 6. Bc4 Bf5 7. Bd2 e6 8. 0-0 Bb4 9. a3 Bxc3 10. Bxc3 Qc7 11. Bd2 Nbd7 12. Qe2 Bxc2 13. Ng5 Bf5 14. f3 0-0 15. g4 Bg6 16. f4 Rfe8 17. Qg2 Nb6 18. Bb3 Qd6 19. Bc3 Nbd5 20. Bxd5 Nxd5 21. f5 exf5 22. gxf5 Bh5 23. Ne4 Qc7 24. Rae1 f6 25. Qh3 Bf7 26. Qg3 Qxg3+ 27. hxg3 Rad8 28. g4 Nxc3 29. bxc3 Bc4 30. Rf3 Bd5 31. Rfe3 Bxe4 32. Rxe4 Rxe4 33. Rxe4 Kf7 34. Re2 Rd5 35. Rh2 Ra5 36. c4 Rxa3 37. Rb2 b6 38. c5 Ra6 39. Kf2 Ke7 40. Re2+ Kd7 41. Kf3 Ra4 42. Rd2 b5 43. Ke4 h6 44. Rf2 a5 45. Rh2 Ra1 46. g5 Re1+ 47. Kd3 fxg5 48. f6 gxf6 49. Rxh6 Ke6 50. Rh8 Kf5 51. Rc8 g4 0-1

[Event "Villa Ballester op 54th"]
[Site "Villa Ballester"]
[Date "2004.01.14"]
[Round "6"]
[White "Hase, Juan Carlos"]
[Black "Barrionuevo, Pablo"]
[Result "1-0"]
[WhiteElo "2356"]
[BlackElo "2195"]
[PlyCount "95"]
[EventDate "2004.01.07"]
[EventType "swiss"]
[EventRounds "9"]
[EventCountry "ARG"]
[SourceTitle "CBM 098 Extra"]
[Source "ChessBase"]
[SourceDate "2004.03.10"]
[SourceVersion "2"]
[SourceVersionDate "2004.03.10"]
[SourceQuality "1"]

1. d4 Nf6 2. Nf3 g6 3. Bg5 Bg7 4. Nbd2 0-0 5. e4 d6 6. c3 Nbd7 7. Bc4 e5 8. 0-0 h6 9. Bh4 Qe8 10. Re1 Nh5 11. Bb3 Nb6 12. a4 a5 13. Nf1 Be6 14. Bc2 Nf4 15. Ne3 Qc8 16. Bg3 Bf6 17. b3 Kg7 18. Qd2 Bg4 19. Nxg4 Qxg4 20. Bd1 Bg5 21. Qc2 Qe6 22. h4 Be7 23. Bxf4 exf4 24. e5 d5 25. Qd2 g5 26. h5 Rg8 27. Nh2 Kh8 28. Ng4 Rae8 29. f3 Nd7 30. Bc2 Nf8 31. Qd3 Bd8 32. c4 c6 33. cxd5 cxd5 34. Qb5 Re7 35. Rac1 Bb6 36. Rcd1 Rc7 37. Bb1 Rc6 38. Nf6 Rg7 39. Qxd5 Qxd5 40. Nxd5 Ba7 41. Kf1 Ne6 42. Re4 Nxd4 43. Nf6 Rg8 44. Nxg8 Kxg8 45. Bd3 Nf5 46. Ke1 Bc5 47. Bb5 Rc8 48. Bd7 1-0

[Event "Villa Ballester op 54th"]
[Site "Villa Ballester"]
[Date "2004.01.13"]
[Round "5"]
[White "Fusco, Leonardo"]
[Black "Hase, Juan Carlos"]
[Result "1-0"]
[WhiteElo "2273"]
[BlackElo "2356"]
[PlyCount "53"]
[EventDate "2004.01.07"]
[EventType "swiss"]
[EventRounds "9"]
[EventCountry "ARG"]
[SourceTitle "CBM 098 Extra"]
[Source "ChessBase"]
[SourceDate "2004.03.10"]
[SourceVersion "2"]
[SourceVersionDate "2004.03.10"]
[SourceQuality "1"]

1. e4 d6 2. Nf3 Nf6 3. Nc3 g6 4. d4 Bg7 5. Bg5 h6 6. Bh4 0-0 7. Qd2 c6 8. 0-0-0 Qc7 9. e5 Nd5 10. Bg3 dxe5 11. Nxe5 Qa5 12. Nc4 Qd8 13. Be5 Nd7 14. Bxg7 Kxg7 15. Ne4 N7f6 16. f3 Qc7 17. Ne5 Nxe4 18. fxe4 Nf6 19. Bc4 Nxe4 20. Qf4 f6 21. Rhf1 Bf5 22. Nxg6 Qxf4+ 23. Nxf4 Bg4 24. Rde1 Bf5 25. g4 Bh7 26. Ne6+ Kf7 27. Ng5+ 1-0

[Event "Villa Ballester op 54th"]
[Site "Villa Ballester"]
[Date "2004.01.11"]
[Round "4"]
[White "Hase, Juan Carlos"]
[Black "Velazquez, Gustavo"]
[Result "1-0"]
[WhiteElo "2356"]
[BlackElo "2141"]
[PlyCount "55"]
[EventDate "2004.01.07"]
[EventType "swiss"]
[EventRounds "9"]
[EventCountry "ARG"]
[SourceTitle "CBM 098 Extra"]
[Source "ChessBase"]
[SourceDate "2004.03.10"]
[SourceVersion "2"]
[SourceVersionDate "2004.03.10"]
[SourceQuality "1"]

1. e4 e5 2. Bc4 Nf6 3. d3 d5 4. exd5 Nxd5 5. Nf3 Nc6 6. 0-0 Be7 7. Re1 Nb6 8. Bb5 0-0 9. Bxc6 bxc6 10. Nxe5 Bb7 11. Nc3 c5 12. Qg4 f5 13. Qg3 Bh4 14. Qh3 Bg5 15. Bxg5 Qxg5 16. Qg3 Qh6 17. f4 Rae8 18. Qf2 Rxe5 19. Rxe5 Nd7 20. Re7 Qd6 21. Rae1 Rf6 22. Re8+ Kf7 23. Qe3 Rg6 24. Qe7+ Qxe7 25. R1xe7+ Kf6 26. g3 Bc6 27. Rxd7 Bxd7 28. Nd5+ 1-0

[Event "Villa Ballester op 54th"]
[Site "Villa Ballester"]
[Date "2004.01.10"]
[Round "3"]
[White "Hungaski, Robert Andrew"]
[Black "Hase, Juan Carlos"]
[Result "1/2-1/2"]
[WhiteElo "2126"]
[BlackElo "2356"]
[PlyCount "143"]
[EventDate "2004.01.07"]
[EventType "swiss"]
[EventRounds "9"]
[EventCountry "ARG"]
[SourceTitle "CBM 098 Extra"]
[Source "ChessBase"]
[SourceDate "2004.03.10"]
[SourceVersion "2"]
[SourceVersionDate "2004.03.10"]
[SourceQuality "1"]

1. e4 e5 2. Nf3 d6 3. d4 Nf6 4. Nc3 Nbd7 5. Bc4 Be7 6. 0-0 0-0 7. Re1 c6 8. a4 a5 9. Ba2 Qc7 10. h3 exd4 11. Nxd4 Nc5 12. Bf4 Ne8 13. Qd2 Bf6 14. Bc4 Bd7 15. Rad1 Rd8 16. b3 Bc8 17. Bg3 Qb6 18. Qe3 g6 19. Rd2 Bg7 20. Red1 Ne6 21. Nce2 d5 22. exd5 cxd5 23. Nxe6 Qxe3 24. fxe3 fxe6 25. e4 Nf6 26. exd5 exd5 27. Bxd5+ Nxd5 28. Rxd5 Rxd5 29. Rxd5 Bf5 30. c4 Re8 31. Nd4 Be4 32. Rd7 Bh6 33. Bc7 Be3+ 34. Kh2 Bxd4 35. Rxd4 Bc2 36. Bxa5 Bxb3 37. c5 Ra8 38. Rb4 Bd5 39. Bc7 Bc6 40. a5 Re8 41. Rb2 Re3 42. Rf2 Rc3 43. Bd6 Ra3 44. Bc7 Rb3 45. Bb6 Ra3 46. g4 Rf3 47. Rxf3 Bxf3 48. Kg3 Bh1 49. Kf4 Bg2 50. h4 Kf7 51. Ke5 Ke7 52. g5 Bf3 53. Bc7 Bg2 54. Bd6+ Kf7 55. Bb8 Ke7 56. Ba7 Bf3 57. Bb6 Bg2 58. a6 bxa6 59. Ba5 Bb7 60. Bb4 Bc6 61. Ba3 a5 62. Bb2 a4 63. Ba3 Kd7 64. Kf6 Bf3 65. Kg7 Kc6 66. Kxh7 Bh5 67. Kg7 Kd7 68. Kf6 Kc6 69. Bb4 Kb5 70. Ba3 Kc6 71. Ke5 Bd1 72. Kf6 1/2-1/2

[Event "Chesspangenberg op 1st"]
[Site "Buenos Aires"]
[Date "2003.11.13"]
[Round "9"]
[White "Villanueva, Mario Nicolas"]
[Black "Hase, Juan Carlos"]
[Result "1-0"]
[WhiteElo "2029"]
[BlackElo "2356"]
[PlyCount "45"]
[EventDate "2003.11.04"]
[EventType "swiss"]
[EventRounds "9"]
[EventCountry "ARG"]
[SourceTitle "EXT 2004"]
[Source "ChessBase"]
[SourceDate "2003.11.25"]
[SourceVersion "1"]
[SourceVersionDate "2003.11.25"]
[SourceQuality "1"]

1. e4 c5 2. Nf3 d6 3. Bb5+ Nd7 4. d4 cxd4 5. Qxd4 a6 6. Bxd7+ Bxd7 7. Nc3 Nf6 8. Bg5 Rc8 9. 0-0-0 Rxc3 10. Qxc3 Nxe4 11. Qe3 Nxg5 12. Nxg5 e6 13. Qf4 f5 14. Rhe1 e5 15. Nf3 e4 16. g4 Be7 17. gxf5 exf3 18. Qxd6 Rf8 19. Rd3 Rf7 20. Rde3 Bxf5 21. Qe5 Bd7 22. Qd5 Qc7 23. Rxe7+ 1-0

[Event "Chesspangenberg op 1st"]
[Site "Buenos Aires"]
[Date "2003.11.12"]
[Round "8"]
[White "Hase, Juan Carlos"]
[Black "Ligato, Guillermo Fernando"]
[Result "1-0"]
[WhiteElo "2356"]
[BlackElo "2148"]
[PlyCount "117"]
[EventDate "2003.11.04"]
[EventType "swiss"]
[EventRounds "9"]
[EventCountry "ARG"]
[SourceTitle "EXT 2004"]
[Source "ChessBase"]
[SourceDate "2003.11.25"]
[SourceVersion "1"]
[SourceVersionDate "2003.11.25"]
[SourceQuality "1"]

1. e4 d6 2. d4 Nf6 3. Nc3 g6 4. f4 Bg7 5. Nf3 c5 6. dxc5 Qa5 7. Bd3 Qxc5 8. Qe2 Bg4 9. Be3 Qa5 10. 0-0 Nc6 11. Kh1 0-0 12. a3 e6 13. Qe1 Bxf3 14. Rxf3 Rfc8 15. Bd2 Qd8 16. f5 Ne5 17. Rf1 Nfd7 18. Qg3 Nc5 19. Be2 a6 20. Rad1 Ncd7 21. Be3 Qc7 22. Qh4 Bf6 23. Qh3 Re8 24. Rf2 Bg7 25. Qh4 Bf6 26. Bg5 Bg7 27. fxe6 fxe6 28. Be7 Qb6 29. Bxd6 Qxb2 30. Bb4 a5 31. Rb1 Qxc2 32. Bb5 Qxb1+ 33. Nxb1 axb4 34. axb4 Ra1 35. Rf1 Rf8 36. Rd1 Nf6 37. h3 Nh5 38. Nc3 Rxd1+ 39. Nxd1 Ra8 40. Qe7 Ng3+ 41. Kh2 Nh5 42. Qxb7 Rd8 43. Ne3 Bh6 44. Nf1 Bf4+ 45. g3 Nxg3 46. Nxg3 Rd2+ 47. Kg1 Bxg3 48. Qb8+ Kg7 49. Qa7+ Kf6 50. Qe3 Bf2+ 51. Qxf2+ Rxf2 52. Kxf2 Nf7 53. Ke3 Ke5 54. h4 h6 55. Be8 Nh8 56. b5 g5 57. hxg5 hxg5 58. b6 Kd6 59. Kf3 1-0